Exposición sobre el estado de la Hacienda pública 1998
I tiakina i:
| Kaituhi matua: | |
|---|---|
| Hōputu: | Pukapuka |
| Reo: | Pāniora |
| I whakaputaina: |
Santiago
Ministerio Secretaría General de Gobierno
1998
|
| Ngā marau: | |
| Ngā Tūtohu: |
Tāpirihia he Tūtohu
Kāore He Tūtohu, Me noho koe te mea tuatahi ki te tūtohu i tēnei pūkete!
|
MARC
| LEADER | 00000nam a2200000 a 4500 | ||
|---|---|---|---|
| 001 | UCP5845 | ||
| 003 | CL-VaPUC | ||
| 008 | 991001e19980000CL |||||||||||||||||spa|d | ||
| 082 | 0 | 4 | |a 351.72 |b ANI |2 21 |
| 100 | 0 | |a Aninat Ureta, Eduardo |e author |9 434436 | |
| 245 | 1 | 0 | |a Exposición sobre el estado de la Hacienda pública 1998 |
| 300 | |a 71 p | ||
| 942 | |c BK | ||
| 945 | |d 19991001 00:00:00 |a rbrito | ||
| 260 | |a Santiago |b Ministerio Secretaría General de Gobierno |c 1998 | ||
| 650 | 0 | |a Hacienda pública |9 258673 | |
| 650 | 0 | |a Desarrollo económico |9 259599 | |
| 651 | 7 | |a CHILE |2 CL-VaPUC |9 434437 | |
| 583 | |a last modification |c 19991001 00:00:00 |k Rodrigo Vera | ||
| 999 | |c 283492 |d 283490 | ||
| 952 | |0 0 |1 0 |4 0 |6 351_720000000000000_ANI_1998 |7 0 |8 A |9 326703 |a BIBGIM |b BIBGIM |d 2019-11-20 |i 3493946 |o 351.72 ANI 1998 |p 3493946 |r 2025-01-15 |w 2019-11-20 |y BK |k GIM | ||